TEXTBOOK RURAL SOCIOLOGYS EDUCATIONAL PSYCHOLOGY (Record no. 41600)
[ view plain ]
| 000 -LEADER | |
|---|---|
| fixed length control field | 00349nam a2200133Ia 4500 |
| 008 - FIXED-LENGTH DATA ELEMENTS--GENERAL INFORMATION | |
| fixed length control field | 230216s9999 xx 000 0 und d |
| 020 ## - INTERNATIONAL STANDARD BOOK NUMBER | |
| International Standard Book Number | 8193817389 |
| 082 ## - DEWEY DECIMAL CLASSIFICATION NUMBER | |
| Item number | KHA-T |
| 100 ## - MAIN ENTRY--PERSONAL NAME | |
| Personal name | KHANDAVE SWATI S. |
| 245 #0 - TITLE STATEMENT | |
| Title | TEXTBOOK RURAL SOCIOLOGYS EDUCATIONAL PSYCHOLOGY |
| 260 ## - PUBLICATION, DISTRIBUTION, ETC. | |
| Place of publication, distribution, etc. | DJ BOOK DELHI |
| Name of publisher, distributor, etc. | NEW VISHAL PUBLICATION |
| 300 ## - PHYSICAL DESCRIPTION | |
| Extent | 184 |
| 942 ## - ADDED ENTRY ELEMENTS (KOHA) | |
| Koha item type | Book |
| Withdrawn status | Lost status | Source of classification or shelving scheme | Damaged status | Not for loan | Collection code | Permanent Location | Current Location | Date acquired | Cost, normal purchase price | Total Checkouts | Full call number | Barcode | Date last seen | Date last checked out | Price effective from | Koha item type |
|---|---|---|---|---|---|---|---|---|---|---|---|---|---|---|---|---|
| School of Arts and Humanity | Central Library, MUIT, Lucknow | Central Library, MUIT, Lucknow | 2023-02-16 | 220.00 | 1 | 300 KHA-R | SOA6735 | 2025-01-22 | 2025-01-07 | 2023-02-16 | Book | |||||
| School of Arts and Humanity | Central Library, MUIT, Lucknow | Central Library, MUIT, Lucknow | 2023-02-16 | 220.00 | 1 | 300 KHA-R | SOA6736 | 2025-01-24 | 2025-01-09 | 2023-02-16 | Book | |||||
| School of Arts and Humanity | Central Library, MUIT, Lucknow | Central Library, MUIT, Lucknow | 2023-02-16 | 220.00 | 1 | 300 KHA-R | SOA6737 | 2025-01-24 | 2025-01-09 | 2023-02-16 | Book | |||||
| School of Arts and Humanity | Central Library, MUIT, Lucknow | Central Library, MUIT, Lucknow | 2023-02-16 | 220.00 | 1 | 300 KHA-T | SOA6738 | 2024-11-18 | 2024-11-07 | 2023-02-16 | Reference Book | |||||
| School of Arts and Humanity | Central Library, MUIT, Lucknow | Central Library, MUIT, Lucknow | 2023-02-16 | 220.00 | 1 | 300 KHA-R | SOA6739 | 2025-01-07 | 2024-12-31 | 2023-02-16 | Book |